20.000 lenguas de viaje submarino / (Registro nro. 7440)

Detalles MARC
000 -LIDER
fixed length control field 00925nam a2200301 a 4500
001 - NÚMERO DE CONTROL
Identificador de número de control 000044259
003 - IDENTIFICACDOR DE NÚMERO DE CONTROL
control field DO-SdBNP
005 - DATE AND TIME OF LATEST TRANSACTION
control field 20180402130625.0
007 - CAMPOS FIJOS DE DESCRIPCIÓN FÍSICA
fixed length control field 000044259
008 - ELEMENTOS DE LONGITUD FIJA
fixed length control field 110921s2007 dr a 000 0 spa d
020 ## - ISBN
International Standard Book Number 9789945406627
040 ## - FUENTE DE CATALOGACIÓN
Agencia que crea de manera original el registro BPMSU
Idioma de catalogación spa
Agencia que realiza la transcripción BPMSU
082 ## - NÚMERO DE CLASIFICACIÓN DECIMAL DE DEWEY
Classification number 843.8
Item number V531v
100 1# - ASIENTO PRINCIPAL -- NOMBRE PERSONAL
Nombre personal Verne, Jules,
Fechas asociadas con el nombre 1828-1905
245 10 - MENCIÓN DE TITULO
Título 20.000 lenguas de viaje submarino /
Mención de responsabilidad Julio Verne ;ilustraciones José Lovera.
246 13 - VARIACION DEL TÍTULO
Título propiamente dicho o título corto Veinte mil leguas de viaje submarino
260 ## - PUBLICACIÓN, DISTRIBUCIÓN, ETC. (PIE DE IMPRENTA)
Lugar de publicación, distribución, etc Santo Domingo :
Nombre del editor, distribuidor, etc. Topogán,
Fecha de publicación, distribución, etc 1994
Fecha de impresión (reimpresión, 2007)
300 ## - DESCRIPCIÓN FÍSICA
Extensión 163 p. ;
Dimensiones 23 cm.
490 1# - MENCIÓN DE SERIES
Mención de serie Clásicos universales
650 #4 - ENCABEZAMIENTO DE MATERIA--TEMÁTICO
Término temático o nombre geográfico como elemento de entrada NOVELA FRANCESA
650 #4 - ENCABEZAMIENTO DE MATERIA--TEMÁTICO
Término temático o nombre geográfico como elemento de entrada LITERATURA FRANCESA
700 1# - ASIENTO SECUNDARIO -- NOMBRE PERSONAL
Nombre personal Lovera, José.
Mención de responsabilidad il.
830 #0 - ASIENTO SECUNDARIO DE SERIE--TÍTULO UNIFORME
Título uniforme Clásicos universales
910 ## - VALIDACIÓN
Validación Validado. Control de calidad MFF
942 ## - ADDED ENTRY ELEMENTS (KOHA)
Source of classification or shelving scheme Dewey Decimal Classification
Koha item type Libros
945 ## - INFORMACIÓN DE PROCESAMIENTO LOCAL
Información de procesamiento local inventariado / DG
956 ## - LOCAL ELECTRONIC LOCATION AND ACCESS (OCLC)
Nombre de host VMATEO
Número de acceso 10
Información de compresión 20140611
Inicio de sesión BPMSU
Procesador de solicitud 1201
Existencias
Withdrawn status Lost status Source of classification or shelving scheme Damaged status Not for loan Collection code Home library Current library Date acquired Source of acquisition Total Checkouts Full call number Barcode Date last seen Price effective from Koha item type Copy number
    Dewey Decimal Classification     Colección Dominicana Biblioteca Pública Metropolitana Salomé Ureña Biblioteca Pública Metropolitana Salomé Ureña 02/18/2015 Donación   843.8 V531v BPMSU15041375 02/18/2015 02/18/2015 Libros  
    Dewey Decimal Classification     Colección Dominicana Biblioteca Pública Metropolitana Salomé Ureña Biblioteca Pública Metropolitana Salomé Ureña 05/08/2015 Donación   843.8 V531v BPMSU15051635 05/08/2015 05/08/2015 Libros ej. 2
    Dewey Decimal Classification     Colección Dominicana Biblioteca Pública Metropolitana Salomé Ureña Biblioteca Pública Metropolitana Salomé Ureña 01/17/2017 Donación   843.8 V531v BPMSU17010714 01/17/2017 01/17/2017 Libros ej. 3